Statistics for Top 10 Most Undemocratic Countries

Click here to take the quiz!

General Stats

  • This quiz has been taken 509 times
    (278 since last reset)
  • The average score is 5 of 10

Answer Stats

ScoreCountryGrowth% Correct
1.08North Korea
95%
1.43Syria
64%
1.13D.R. Congo
59%
1.95Yemen
56%
1.55Chad- 0.06
46%
1.32Central African Republic
43%
1.72Turkmenistan
43%
1.77Laos- 0.37
35%
1.94Tajikistan0.01
33%
1.92Equatorial Guinea
18%

Score Distribution

Percentile by Number Answered

Percent of People with Each Score

Your Score History

You have not taken this quiz since the last reset